1-100 Whiteout (Odd then Even) Quiz Stats

 Plays Quiz Updated Oct 26, 2017

Support Sporcle.
Go Orange.
Score 0/100 Timer 05:00
10 Plays Today
% Correct
???
100%
???
94.9%
???
92.5%
???
91.1%
???
89.7%
???
89.2%
???
87.8%
???
86.9%
???
86.2%
???
85.4%
???
84.7%
???
83.8%
???
82.3%
???
81.4%
???
80.3%
???
79.9%
???
79.3%
???
78.6%
???
77.9%
???
77.2%
???
76.2%
???
75.7%
???
74.5%
???
73.8%
???
72.9%
???
72.5%
???
71.8%
???
70.9%
???
70.5%
???
69.5%
???
68.8%
???
68.1%
???
66.8%
???
66.2%
% Correct
???
65.3%
???
65%
???
64.3%
???
63.4%
???
62.8%
???
61.9%
???
61%
???
59.2%
???
58.5%
???
56.5%
???
55.6%
???
54.7%
???
53.4%
???
52.2%
???
50.9%
???
50.3%
???
49.3%
???
48.8%
???
48.2%
???
47.6%
???
47.2%
???
46.8%
???
46.1%
???
45.3%
???
44.8%
???
44.1%
???
43.3%
???
42.2%
???
41.3%
???
40.2%
???
39.3%
???
38.6%
???
37.5%
???
36.9%
% Correct
???
36.1%
???
35%
???
34%
???
33.5%
???
32.7%
???
32.2%
???
31.4%
???
30.6%
???
29.9%
???
29.4%
???
28.9%
???
28.3%
???
27.7%
???
27%
???
26.6%
???
26%
???
25.4%
???
24.8%
???
24.3%
???
23.8%
???
23.4%
???
23.1%
???
22.5%
???
22%
???
21.5%
???
21.1%
???
20.7%
???
20.2%
???
19.9%
???
19.5%
???
19.2%
???
19%

You're not logged in!

Compare scores with friends on all Sporcle quizzes.
OR
Log In

From the Vault

3 Songs: Name the Artist

by Trinity8503

The prerequisite for being part of this quiz is having at least 3 good songs.
Remove Ads.
Support Sporcle.
Get the best of Sporcle when you Go Orange. This ad-free experience offers more features, more stats, and more fun while also helping to support Sporcle. Thank you for becoming a member.

Show Comments

Extras

Top Quizzes Today


Score Distribution

Your Account Isn't Verified!

In order to create a playlist on Sporcle, you need to verify the email address you used during registration. Go to your Sporcle Settings to finish the process.

Report this User

Report this user for behavior that violates our Community Guidelines.

Details: